[Event "Muensterland Verbandsliga 2526"]
[Site "Germany"]
[Date "2025.12.13"]
[Round "4"]
[Board "8"]
[White "Jacob, Barbara"]
[Black "Buescher, Constantin"]
[Result "1/2-1/2"]
[WhiteElo "1567"]
[BlackElo "1576"]
[WhiteFideId "-1"]
[BlackFideId "-1"]
[PlyCount "80"]
[GameId "2257464308498726"]
[EventDate "2025.??.??"]
[EventType "team-tourn"]
[EventRounds "9"]
[EventCountry "GER"]
[SourceTitle "Verband Muensterland"]
[SourceDate "2025.11.13"]
[SourceVersion "1"]
[SourceVersionDate "2025.11.13"]
[SourceQuality "1"]
[WhiteTeam "Ochtrup"]
[BlackTeam "Suedlohn II"]
[WhiteTeamCountry "GER"]
[BlackTeamCountry "GER"]

1. e4 c5 2. d4 cxd4 3. c3 d3 4. Bxd3 Nc6 5. Nf3 e5 6. O-O Nf6 7. h3 Be7 8. Qe2 O-O 9. b3 a6 10. a4 Re8 11. Rd1 Qc7 12. b4 d5 13. Nbd2 dxe4 14. Nxe4 Nxe4 15. Bxe4 f5 16. Qc4+ Kh8 17. Bxc6 Qxc6 18. Qxc6 bxc6 19. Nxe5 c5 20. Ba3 cxb4 21. cxb4 Bf6 22. f4 Bxe5 23. fxe5 Bb7 24. Bb2 Bc6 25. Rd6 Rac8 26. a5 Bb5 27. Rad1 h6 28. R1d2 Rc6 29. Rxc6 Bxc6 30. Rc2 Bb5 31. Kf2 Kh7 32. Ke3 g5 33. g3 Kg6 34. Rd2 Re6 35. Rd6 Kf7 36. Rxe6 Kxe6 37. Kd4 h5 38. Bc1 g4 39. hxg4 hxg4 40. Bf4 Bf1 1/2-1/2

[Event "Muensterland Verbandsliga 2526"]
[Site "Germany"]
[Date "2026.02.07"]
[Round "4"]
[Board "1"]
[White "Kloster, Josef"]
[Black "Jansen, Dirk"]
[Result "0-1"]
[WhiteElo "2003"]
[BlackElo "1990"]
[WhiteFideId "-1"]
[BlackFideId "-1"]
[PlyCount "82"]
[GameId "2095106920076468"]
[EventDate "2025.??.??"]
[EventType "team-tourn"]
[EventRounds "9"]
[EventCountry "GER"]
[SourceTitle "Verband Muensterland"]
[SourceDate "2025.11.13"]
[SourceVersion "1"]
[SourceVersionDate "2025.11.13"]
[SourceQuality "1"]
[WhiteTeam "Stadtlohn"]
[BlackTeam "Muenster SK IV"]
[WhiteTeamCountry "GER"]
[BlackTeamCountry "GER"]

1. e4 e6 2. Qe2 c5 3. Nf3 Nc6 4. g3 Be7 5. Bg2 d5 6. d3 Nf6 7. O-O O-O 8. e5 Nd7 9. h4 Qc7 10. Bf4 b5 11. c3 a5 12. Nbd2 Ba6 13. Rfe1 Rfc8 14. Ng5 h6 15. Nh3 Qd8 16. Qg4 Kh8 17. Nf3 b4 18. Rad1 bxc3 19. bxc3 Qf8 20. Qh5 Rab8 21. Nhg5 Kg8 22. Nh3 Rb2 23. Nh2 Qe8 24. Qg4 Kh8 25. Qf3 Rcb8 26. c4 Nd4 27. Qh5 dxc4 28. Bxh6 f5 29. Qxe8+ Rxe8 30. Bd2 cxd3 31. Bf1 Nc2 32. Bc3 Rxa2 33. Rd2 Ra3 34. Rxc2 dxc2 35. Bb2 Ra2 36. Bc1 Bxf1 37. Kxf1 c4 38. Nf3 Bb4 39. Nd2 Nc5 40. Nf4 Nd3 41. Nxd3 cxd3 0-1

[Event "Muensterland Verbandsliga 2526"]
[Site "Germany"]
[Date "2026.02.07"]
[Round "4"]
[Board "2"]
[White "Hartmann, Steffen"]
[Black "Bußwolder, Peter"]
[Result "0-1"]
[WhiteElo "1893"]
[BlackElo "1755"]
[WhiteFideId "-1"]
[BlackFideId "-1"]
[PlyCount "66"]
[GameId "2095107169440957"]
[EventDate "2025.??.??"]
[EventType "team-tourn"]
[EventRounds "9"]
[EventCountry "GER"]
[SourceTitle "Verband Muensterland"]
[SourceDate "2025.11.13"]
[SourceVersion "1"]
[SourceVersionDate "2025.11.13"]
[SourceQuality "1"]
[WhiteTeam "Muenster SK IV"]
[BlackTeam "Stadtlohn"]
[WhiteTeamCountry "GER"]
[BlackTeamCountry "GER"]

1. e4 g6 2. Nf3 Bg7 3. Bc4 d6 4. O-O c5 5. c3 Nf6 6. d3 O-O 7. Nbd2 Nc6 8. a4 Bg4 9. h3 Bxf3 10. Nxf3 d5 11. exd5 Nxd5 12. a5 e6 13. Qa4 Qc7 14. Bb5 Ne5 15. Ng5 a6 16. Bc4 Rfd8 17. Bxd5 Rxd5 18. Qh4 h6 19. Ne4 g5 20. Qg3 Rxd3 21. Qh2 Qc6 22. Ng3 Ng6 23. Nh5 Be5 24. f4 gxf4 25. Nxf4 Qd6 26. g3 Bxf4 27. Bxf4 Nxf4 28. Rxf4 Rd8 29. Raf1 Rd7 30. Qf2 Qe5 31. Rg4+ Kf8 32. Rf4 Qe3 33. Kg2 Rd2 0-1

[Event "Muensterland Verbandsliga 2526"]
[Site "Germany"]
[Date "2026.02.07"]
[Round "4"]
[Board "3"]
[White "Kloster, Daniel"]
[Black "Leder, Nils"]
[Result "1/2-1/2"]
[WhiteElo "1694"]
[BlackElo "1886"]
[WhiteFideId "-1"]
[BlackFideId "-1"]
[PlyCount "36"]
[GameId "2095107233178822"]
[EventDate "2025.??.??"]
[EventType "team-tourn"]
[EventRounds "9"]
[EventCountry "GER"]
[SourceTitle "Verband Muensterland"]
[SourceDate "2025.11.13"]
[SourceVersion "1"]
[SourceVersionDate "2025.11.13"]
[SourceQuality "1"]
[WhiteTeam "Stadtlohn"]
[BlackTeam "Muenster SK IV"]
[WhiteTeamCountry "GER"]
[BlackTeamCountry "GER"]

1. d4 Nf6 2. Bf4 d5 3. e3 c5 4. c3 Nc6 5. Nd2 Qb6 6. Qb3 Bf5 7. Ngf3 e6 8. Qxb6 axb6 9. Bb5 Nd7 10. Ne5 Ndxe5 11. Bxe5 Kd7 12. Nf3 f6 13. Bg3 g5 14. Kd2 h5 15. h3 h4 16. Bh2 Bd6 17. Bxd6 Kxd6 18. Bd3 Bxd3 1/2-1/2

[Event "Muensterland Verbandsliga 2526"]
[Site "Germany"]
[Date "2026.02.07"]
[Round "4"]
[Board "4"]
[White "Voß, Norbert"]
[Black "Kloster, Elisabeth"]
[Result "1-0"]
[WhiteElo "1881"]
[BlackElo "1694"]
[WhiteFideId "-1"]
[BlackFideId "-1"]
[PlyCount "135"]
[GameId "2095107319190735"]
[EventDate "2025.??.??"]
[EventType "team-tourn"]
[EventRounds "9"]
[EventCountry "GER"]
[SourceTitle "Verband Muensterland"]
[SourceDate "2025.11.13"]
[SourceVersion "1"]
[SourceVersionDate "2025.11.13"]
[SourceQuality "1"]
[WhiteTeam "Muenster SK IV"]
[BlackTeam "Stadtlohn"]
[WhiteTeamCountry "GER"]
[BlackTeamCountry "GER"]

1. d4 Nf6 2. Nf3 g6 3. g3 Bg7 4. Bg2 d6 5. O-O O-O 6. b3 Bf5 7. Bb2 Nc6 8. a3 Qd7 9. Re1 Rfe8 10. Nbd2 e5 11. e4 Bh3 12. dxe5 Nxe5 13. Nxe5 dxe5 14. Nc4 Bxg2 15. Kxg2 Qxd1 16. Raxd1 Rad8 17. Rxd8 Rxd8 18. Bxe5 Rd7 19. Kf3 h5 20. Re2 Ne8 21. Bxg7 Nxg7 22. Rd2 Re7 23. Rd8+ Kh7 24. Rb8 b6 25. Rb7 Ne6 26. Rxa7 Ng5+ 27. Kg2 Nxe4 28. Nxb6 Re6 29. Nd5 Kg7 30. Rxc7 Rd6 31. c4 Nd2 32. Rb7 Re6 33. Ne3 Ne4 34. Nd5 Nc5 35. Re7 Ra6 36. b4 Ne6 37. Nc7 Rxa3 38. Nxe6+ Kf6 39. Rc7 Kxe6 40. b5 Rb3 41. Rc6+ Kd7 42. h4 Rc3 43. Kf1 Rc2 44. Ke1 Rb2 45. Rf6 Ke7 46. Rf4 Ke6 47. Kd1 f6 48. Kc1 Rb4 49. Kc2 Ke5 50. Kc3 Rb1 51. Rf3 g5 52. Re3+ Kd6 53. Rd3+ Ke6 54. Rd2 Ke5 55. Rb2 Rc1+ 56. Kd3 Rd1+ 57. Ke2 Rd8 58. b6 Rb8 59. Ke3 Kd6 60. Rb5 gxh4 61. gxh4 Kc6 62. b7 Kc7 63. Kf4 Rxb7 64. Rxb7+ Kxb7 65. Kf5 Kc6 66. Kxf6 Kc5 67. Kg5 Kxc4 68. f4 1-0

[Event "Muensterland Verbandsliga 2526"]
[Site "Germany"]
[Date "2026.02.07"]
[Round "4"]
[Board "5"]
[White "Schlattmann, Martin"]
[Black "Vogenauer, Nikolas"]
[Result "1/2-1/2"]
[WhiteElo "1737"]
[BlackElo "1868"]
[WhiteFideId "-1"]
[BlackFideId "-1"]
[PlyCount "55"]
[GameId "2095107403830488"]
[EventDate "2025.??.??"]
[EventType "team-tourn"]
[EventRounds "9"]
[EventCountry "GER"]
[SourceTitle "Verband Muensterland"]
[SourceDate "2025.11.13"]
[SourceVersion "1"]
[SourceVersionDate "2025.11.13"]
[SourceQuality "1"]
[WhiteTeam "Stadtlohn"]
[BlackTeam "Muenster SK IV"]
[WhiteTeamCountry "GER"]
[BlackTeamCountry "GER"]

1. e4 e5 2. Nc3 Nc6 3. Bc4 Nf6 4. f4 Be7 5. Nf3 d6 6. O-O O-O 7. d3 Na5 8. Bb3 exf4 9. Bxf4 Bg4 10. Qd2 Nxb3 11. axb3 Bh5 12. Nd4 Bg6 13. Bg5 a6 14. Nf5 Bxf5 15. Rxf5 c6 16. Raf1 Nd7 17. Qf4 Ne5 18. d4 Ng6 19. Qg3 Bxg5 20. Rxg5 f6 21. Rg4 Rf7 22. h4 Qe7 23. h5 Nf8 24. Qf2 Nd7 25. h6 g6 26. Rf4 Raf8 27. g4 Qe6 28. Qg3 1/2-1/2

[Event "Muensterland Verbandsliga 2526"]
[Site "Germany"]
[Date "2026.02.07"]
[Round "4"]
[Board "6"]
[White "Schulz, Stefan"]
[Black "Wiggers, Ralf"]
[Result "0-1"]
[WhiteElo "1859"]
[BlackElo "1550"]
[WhiteFideId "-1"]
[BlackFideId "-1"]
[PlyCount "142"]
[GameId "2095107464140001"]
[EventDate "2025.??.??"]
[EventType "team-tourn"]
[EventRounds "9"]
[EventCountry "GER"]
[SourceTitle "Verband Muensterland"]
[SourceDate "2025.11.13"]
[SourceVersion "1"]
[SourceVersionDate "2025.11.13"]
[SourceQuality "1"]
[WhiteTeam "Muenster SK IV"]
[BlackTeam "Stadtlohn"]
[WhiteTeamCountry "GER"]
[BlackTeamCountry "GER"]

1. d4 Nf6 2. Nf3 g6 3. g3 Bg7 4. Bg2 d6 5. O-O O-O 6. c3 Nbd7 7. Qc2 c5 8. Bg5 Re8 9. Rd1 Qc7 10. Nbd2 Rb8 11. Rac1 b5 12. e4 e6 13. Bf4 e5 14. dxe5 dxe5 15. Bg5 Bb7 16. h3 a6 17. c4 b4 18. Nh2 Nf8 19. Be3 Ne6 20. Nb3 Nd4 21. Nxd4 exd4 22. Bf4 Qe7 23. Bxb8 Rxb8 24. Re1 Rd8 25. Rcd1 Qd7 26. Qd3 Qc7 27. Nf1 Re8 28. Re2 g5 29. Nd2 Nd7 30. Nf3 h6 31. b3 a5 32. Ra1 Ra8 33. a3 a4 34. axb4 cxb4 35. e5 Nc5 36. Qxd4 Nxb3 37. Qb2 Nxa1 38. Qxa1 Qxc4 39. Re3 a3 40. Nd2 Qb5 41. Bxb7 Qxb7 42. Qa2 Re8 43. e6 Rxe6 44. Rxe6 fxe6 45. Qxe6+ Qf7 46. Qc8+ Kh7 47. Qc2+ Qg6 48. Qc4 Qd6 49. Qc2+ Kh8 50. Qc8+ Bf8 51. Ne4 Qe7 52. Nd2 Qg7 53. Qc4 Qc3 54. Qf7 Qc1+ 55. Kg2 Qc6+ 56. Kg1 Bg7 57. Qe7 Qc1+ 58. Kg2 Qxd2 59. Qe8+ Kh7 60. Qe4+ Kg8 61. Qe8+ Bf8 62. Qe6+ Kg7 63. Qe5+ Kf7 64. Qc7+ Be7 65. Qc4+ Kf6 66. Qc6+ Qd6 67. Qf3+ Kg7 68. Qb3 Bf6 69. Qc4 Qd2 70. Qc7+ Kg6 71. Qc4 a2 0-1

[Event "Muensterland Verbandsliga 2526"]
[Site "Germany"]
[Date "2026.02.07"]
[Round "4"]
[Board "7"]
[White "Sholeh, Othman"]
[Black "Voß, Andreas"]
[Result "1/2-1/2"]
[WhiteElo "1453"]
[BlackElo "1828"]
[WhiteFideId "-1"]
[BlackFideId "-1"]
[PlyCount "84"]
[GameId "2095107553645802"]
[EventDate "2025.??.??"]
[EventType "team-tourn"]
[EventRounds "9"]
[EventCountry "GER"]
[SourceTitle "Verband Muensterland"]
[SourceDate "2025.11.13"]
[SourceVersion "1"]
[SourceVersionDate "2025.11.13"]
[SourceQuality "1"]
[WhiteTeam "Stadtlohn"]
[BlackTeam "Muenster SK IV"]
[WhiteTeamCountry "GER"]
[BlackTeamCountry "GER"]

1. e4 d5 2. exd5 Nf6 3. Nf3 Nxd5 4. d4 g6 5. c3 Bg7 6. Be2 O-O 7. O-O c6 8. a4 Bf5 9. Bd3 Bxd3 10. Qxd3 Nd7 11. Na3 Qc7 12. Nc2 e5 13. c4 Ne7 14. h3 Rad8 15. Re1 Nf5 16. b4 exd4 17. a5 c5 18. Rb1 cxb4 19. Nxb4 Qxa5 20. Bd2 Nc5 21. Qc2 Qa4 22. Qxa4 Nxa4 23. Ra1 Nb2 24. Rxa7 Nxc4 25. Rxb7 Nxd2 26. Nxd2 Rb8 27. Rxb8 Rxb8 28. Nd5 Rd8 29. Nb6 d3 30. Nbc4 Kf8 31. Kf1 h5 32. Rd1 Rc8 33. Ne3 Nxe3+ 34. fxe3 Bh6 35. Kf2 Rc2 36. Kf3 f5 37. Nb1 Rb2 38. Nc3 d2 39. Ke2 Rb3 40. Nd5 Kf7 41. Rxd2 Ke6 42. Nf4+ Bxf4 1/2-1/2

[Event "Muensterland Verbandsliga 2526"]
[Site "Germany"]
[Date "2026.02.07"]
[Round "4"]
[Board "8"]
[White "Sokolowski, Cyril"]
[Black "Schley, Alfred"]
[Result "0-1"]
[WhiteElo "1809"]
[BlackElo "1676"]
[WhiteFideId "-1"]
[BlackFideId "-1"]
[PlyCount "50"]
[GameId "2095107615425779"]
[EventDate "2025.??.??"]
[EventType "team-tourn"]
[EventRounds "9"]
[EventCountry "GER"]
[SourceTitle "Verband Muensterland"]
[SourceDate "2025.11.13"]
[SourceVersion "1"]
[SourceVersionDate "2025.11.13"]
[SourceQuality "1"]
[WhiteTeam "Muenster SK IV"]
[BlackTeam "Stadtlohn"]
[WhiteTeamCountry "GER"]
[BlackTeamCountry "GER"]

1. e4 e5 2. Nf3 Nf6 3. Nc3 Bb4 4. Bc4 d6 5. a3 Bxc3 6. dxc3 Bg4 7. Bg5 Nbd7 8. Qe2 h6 9. Be3 Qe7 10. Qd3 a6 11. h3 Be6 12. Nh4 Bxc4 13. Qxc4 O-O-O 14. Nf5 Qf8 15. O-O-O Ne8 16. g4 g6 17. Ng3 Kb8 18. Qb4 Ndf6 19. Qa5 Qe7 20. b4 Qd7 21. a4 Qc6 22. b5 Qc4 23. bxa6 Qxa6 24. Qxe5 b6 25. Qe7 Rd7 0-1

[Event "Muensterland Verbandsliga 2526"]
[Site "Germany"]
[Date "2026.01.17"]
[Round "5"]
[Board "1"]
[White "Hofene, Dieter"]
[Black "Wittek, Felix"]
[Result "1-0"]
[WhiteElo "1951"]
[BlackElo "1834"]
[WhiteFideId "-1"]
[BlackFideId "-1"]
[PlyCount "81"]
[GameId "2269795070220452"]
[EventDate "2025.??.??"]
[EventType "team-tourn"]
[EventRounds "9"]
[EventCountry "GER"]
[SourceTitle "Verband Muensterland"]
[SourceDate "2025.11.13"]
[SourceVersion "1"]
[SourceVersionDate "2025.11.13"]
[SourceQuality "1"]
[WhiteTeam "Beelen"]
[BlackTeam "Suedlohn II"]
[WhiteTeamCountry "GER"]
[BlackTeamCountry "GER"]

1. e4 c5 2. Nc3 a6 3. g3 b5 4. Bg2 Bb7 5. Nh3 e6 6. O-O d6 7. d3 Nf6 8. f4 Qc7 9. Nf2 Be7 10. g4 Nc6 11. g5 Nd7 12. f5 O-O-O 13. Bf4 Nd4 14. Bh3 h6 15. g6 exf5 16. exf5 Nf3+ 17. Kh1 Nd2+ 18. Nfe4 Nxf1 19. Qxf1 fxg6 20. fxg6 Rhf8 21. Be6 Kb8 22. Nd5 Bxd5 23. Bxd5 Nf6 24. Bf7 Nxe4 25. dxe4 Bf6 26. a4 Bxb2 27. Rb1 Be5 28. axb5 a5 29. b6 Qb7 30. Qf3 Rd7 31. Bxe5 dxe5 32. Qf5 Re7 33. Qg4 Qc8 34. Qg3 Qc6 35. Bd5 Qa4 36. Qd3 Kc8 37. Qa6+ Kd7 38. Rd1 Qb4 39. Qb7+ Kd8 40. Qb8+ Kd7 41. Qc7+ 1-0

[Event "Muensterland Verbandsliga 2526"]
[Site "Germany"]
[Date "2026.01.17"]
[Round "5"]
[Board "2"]
[White "Albersmann, Rene"]
[Black "Hofene, Josef"]
[Result "1-0"]
[WhiteElo "1844"]
[BlackElo "1798"]
[WhiteFideId "-1"]
[BlackFideId "-1"]
[PlyCount "105"]
[GameId "2269795070220454"]
[EventDate "2025.??.??"]
[EventType "team-tourn"]
[EventRounds "9"]
[EventCountry "GER"]
[SourceTitle "Verband Muensterland"]
[SourceDate "2025.11.13"]
[SourceVersion "1"]
[SourceVersionDate "2025.11.13"]
[SourceQuality "1"]
[WhiteTeam "Suedlohn II"]
[BlackTeam "Beelen"]
[WhiteTeamCountry "GER"]
[BlackTeamCountry "GER"]

1. d4 Nf6 2. e3 c5 3. c3 e6 4. Bd3 Nc6 5. f4 d5 6. Nf3 Be7 7. O-O O-O 8. Ne5 Ne8 9. Rf3 f6 10. Rh3 f5 11. g4 Nxe5 12. dxe5 g6 13. gxf5 exf5 14. b3 Be6 15. Bb2 Nc7 16. Rg3 Rf7 17. Nd2 b5 18. Nf3 Rg7 19. Qf1 Rb8 20. Ng5 Bxg5 21. Rxg5 h6 22. Rg3 Kh7 23. Ba3 Qe7 24. Qh3 a5 25. Qxh6+ Kg8 26. Rxg6 b4 27. Bb2 c4 28. Bc2 Qf7 29. Rxg7+ Qxg7+ 30. Qxg7+ Kxg7 31. Kf2 Rh8 32. Rg1+ Kf7 33. Rg2 Nb5 34. cxb4 axb4 35. Bxf5 c3 36. Bxe6+ Kxe6 37. Bc1 d4 38. exd4 Nxd4 39. Rg6+ Kf5 40. Rg5+ Ke4 41. e6 Rxh2+ 42. Kg3 Rh8 43. Re5+ Kd3 44. f5 Ne2+ 45. Rxe2 Kxe2 46. f6 Kd1 47. Bf4 Rg8+ 48. Kh4 Rg6 49. f7 Rf6 50. Bg5 Rxe6 51. f8=Q Re4+ 52. Kg3 Re1 53. Qf3+ 1-0

[Event "Muensterland Verbandsliga 2526"]
[Site "Germany"]
[Date "2026.01.17"]
[Round "5"]
[Board "3"]
[White "Beckmann, Frank"]
[Black "Harbers, Gerard"]
[Result "1/2-1/2"]
[WhiteElo "1745"]
[BlackElo "1837"]
[WhiteFideId "-1"]
[BlackFideId "-1"]
[PlyCount "36"]
[GameId "2269795070220456"]
[EventDate "2025.??.??"]
[EventType "team-tourn"]
[EventRounds "9"]
[EventCountry "GER"]
[SourceTitle "Verband Muensterland"]
[SourceDate "2025.11.13"]
[SourceVersion "1"]
[SourceVersionDate "2025.11.13"]
[SourceQuality "1"]
[WhiteTeam "Beelen"]
[BlackTeam "Suedlohn II"]
[WhiteTeamCountry "GER"]
[BlackTeamCountry "GER"]

1. d4 Nf6 2. Bf4 d5 3. e3 e6 4. a3 Bd6 5. Bg3 b6 6. Nf3 Bb7 7. c4 Ne4 8. Be2 Nd7 9. Bxd6 cxd6 10. cxd5 Bxd5 11. Nbd2 O-O 12. O-O Ndf6 13. Rc1 Qd7 14. Nxe4 Bxe4 15. Ng5 Bb7 16. Bf3 h6 17. Bxb7 Qxb7 18. Nf3 Rfc8 1/2-1/2

[Event "Muensterland Verbandsliga 2526"]
[Site "Germany"]
[Date "2026.01.17"]
[Round "5"]
[Board "4"]
[White "Albers, Thomas"]
[Black "Gaebler, Marcel"]
[Result "1/2-1/2"]
[WhiteElo "1818"]
[BlackElo "1726"]
[WhiteFideId "-1"]
[BlackFideId "-1"]
[PlyCount "64"]
[GameId "2269795070220458"]
[EventDate "2025.??.??"]
[EventType "team-tourn"]
[EventRounds "9"]
[EventCountry "GER"]
[SourceTitle "Verband Muensterland"]
[SourceDate "2025.11.13"]
[SourceVersion "1"]
[SourceVersionDate "2025.11.13"]
[SourceQuality "1"]
[WhiteTeam "Suedlohn II"]
[BlackTeam "Beelen"]
[WhiteTeamCountry "GER"]
[BlackTeamCountry "GER"]

1. d4 Nf6 2. Nf3 e6 3. Bf4 d5 4. e3 Bd6 5. Bd3 Bxf4 6. exf4 c5 7. c3 cxd4 8. Nxd4 O-O 9. O-O Nc6 10. Nf3 Qd6 11. g3 Re8 12. Re1 e5 13. fxe5 Nxe5 14. Nxe5 Rxe5 15. Rxe5 Qxe5 16. Qe2 Qxe2 17. Bxe2 Bd7 18. Nd2 Re8 19. Bd3 g6 20. Nb3 Ne4 21. Re1 Ng5 22. Rxe8+ Bxe8 23. Nd4 Ne6 24. Ne2 Bc6 25. f4 Nc5 26. Bc2 Ne4 27. Nd4 Bd7 28. Kf1 f5 29. Ke2 Kf8 30. Ke3 Ke7 31. Nf3 Kd6 32. Kd4 Be6 1/2-1/2

[Event "Muensterland Verbandsliga 2526"]
[Site "Germany"]
[Date "2026.01.17"]
[Round "5"]
[Board "5"]
[White "Austermann, Reinhold"]
[Black "Richters, Alfred"]
[Result "1/2-1/2"]
[WhiteElo "1786"]
[BlackElo "1827"]
[WhiteFideId "-1"]
[BlackFideId "-1"]
[PlyCount "34"]
[GameId "2269795070220460"]
[EventDate "2025.??.??"]
[EventType "team-tourn"]
[EventRounds "9"]
[EventCountry "GER"]
[SourceTitle "Verband Muensterland"]
[SourceDate "2025.11.13"]
[SourceVersion "1"]
[SourceVersionDate "2025.11.13"]
[SourceQuality "1"]
[WhiteTeam "Beelen"]
[BlackTeam "Suedlohn II"]
[WhiteTeamCountry "GER"]
[BlackTeamCountry "GER"]

1. d4 e6 2. e3 f5 3. Bd3 Nf6 4. f4 b6 5. Nf3 Bb7 6. c4 g6 7. Nc3 a5 8. O-O Bg7 9. Qe2 O-O 10. e4 fxe4 11. Nxe4 Nc6 12. Nxf6+ Bxf6 13. Be3 Ne7 14. Rad1 Nf5 15. Bb1 Nxe3 16. Qxe3 Bg7 17. b3 Qf6 1/2-1/2

[Event "Muensterland Verbandsliga 2526"]
[Site "Germany"]
[Date "2026.01.17"]
[Round "5"]
[Board "6"]
[White "Boecker, Manfred"]
[Black "Hofene, Markus"]
[Result "1-0"]
[WhiteElo "1775"]
[BlackElo "1659"]
[WhiteFideId "-1"]
[BlackFideId "-1"]
[PlyCount "107"]
[GameId "2269795070220462"]
[EventDate "2025.??.??"]
[EventType "team-tourn"]
[EventRounds "9"]
[EventCountry "GER"]
[SourceTitle "Verband Muensterland"]
[SourceDate "2025.11.13"]
[SourceVersion "1"]
[SourceVersionDate "2025.11.13"]
[SourceQuality "1"]
[WhiteTeam "Suedlohn II"]
[BlackTeam "Beelen"]
[WhiteTeamCountry "GER"]
[BlackTeamCountry "GER"]

1. d4 Nf6 2. Nf3 e6 3. Bg5 h6 4. Bh4 d5 5. e3 Nbd7 6. Bd3 Be7 7. Nbd2 c5 8. c3 O-O 9. Qe2 a6 10. a4 b6 11. e4 dxe4 12. Nxe4 Bb7 13. Bg3 Nxe4 14. Bxe4 Bxe4 15. Qxe4 Nf6 16. Qe2 Qd5 17. O-O c4 18. Ne5 b5 19. Rfe1 Bd6 20. Ng4 Bxg3 21. Nxf6+ gxf6 22. hxg3 Rfb8 23. Qf3 Qxf3 24. gxf3 b4 25. a5 bxc3 26. bxc3 Rb3 27. Re3 Rab8 28. Ra4 Rc8 29. f4 Rb5 30. Kg2 Kg7 31. g4 h5 32. f3 hxg4 33. fxg4 Rc7 34. Kf3 Rb1 35. f5 exf5 36. gxf5 Rf1+ 37. Kg4 Rd1 38. Kf4 Rf1+ 39. Kg4 Rd1 40. Rb4 Ra1 41. Re8 Rg1+ 42. Kh3 Rf1 43. Rbb8 Kh6 44. Kg4 Rg1+ 45. Kf3 Rf1+ 46. Ke4 Re1+ 47. Kd5 Rxe8 48. Rxe8 Kg5 49. Ke4 Rb7 50. Rg8+ Kh6 51. d5 Rb1 52. Kd4 Rf1 53. d6 Kh7 54. Rg3 1-0

[Event "Muensterland Verbandsliga 2526"]
[Site "Germany"]
[Date "2026.01.17"]
[Round "5"]
[Board "7"]
[White "Henke, Wolfgang"]
[Black "Schmeing, Manfred"]
[Result "1-0"]
[WhiteElo "1680"]
[BlackElo "1686"]
[WhiteFideId "-1"]
[BlackFideId "-1"]
[PlyCount "105"]
[GameId "2269795070220464"]
[EventDate "2025.??.??"]
[EventType "team-tourn"]
[EventRounds "9"]
[EventCountry "GER"]
[SourceTitle "Verband Muensterland"]
[SourceDate "2025.11.13"]
[SourceVersion "1"]
[SourceVersionDate "2025.11.13"]
[SourceQuality "1"]
[WhiteTeam "Beelen"]
[BlackTeam "Suedlohn II"]
[WhiteTeamCountry "GER"]
[BlackTeamCountry "GER"]

1. e4 c5 2. c3 d5 3. exd5 Qxd5 4. d4 Nf6 5. Nf3 e6 6. Na3 a6 7. Nc4 Nbd7 8. Bg5 b5 9. Ne3 Qd6 10. Be2 c4 11. Bh4 Ne4 12. a4 Bb7 13. axb5 axb5 14. Rxa8+ Bxa8 15. Qa1 Bb7 16. O-O Be7 17. Bxe7 Kxe7 18. Qa5 Bc6 19. Nc2 Ra8 20. Qb4 Ra2 21. Rb1 f6 22. Qxd6+ Kxd6 23. Bd1 g5 24. Nb4 Ra8 25. Nxc6 Kxc6 26. Bc2 f5 27. Bxe4+ fxe4 28. Nxg5 Kd5 29. Nxh7 Rg8 30. h4 Rh8 31. Ng5 Rxh4 32. Re1 Rg4 33. Nh3 Nf6 34. g3 Nh5 35. Kh2 Kd6 36. Ng1 Kd5 37. Ne2 e5 38. dxe5 Kxe5 39. Ra1 Rg5 40. Ra5 Kd6 41. Ra6+ Kc5 42. Nd4 Re5 43. Rc6+ Kd5 44. Rb6 e3 45. Rxb5+ Kd6 46. fxe3 Rxb5 47. Nxb5+ Kc5 48. Na3 Nf6 49. Kg2 Nd5 50. Kf3 Nb6 51. g4 Kd5 52. Kf4 Ke6 53. Ke4 1-0

[Event "Muensterland Verbandsliga 2526"]
[Site "Germany"]
[Date "2026.01.17"]
[Round "5"]
[Board "8"]
[White "Schemmann, Bernhard"]
[Black "Teloeken, Stefan"]
[Result "1/2-1/2"]
[WhiteElo "1755"]
[BlackElo "1774"]
[WhiteFideId "-1"]
[BlackFideId "-1"]
[PlyCount "34"]
[GameId "2269795070220466"]
[EventDate "2025.??.??"]
[EventType "team-tourn"]
[EventRounds "9"]
[EventCountry "GER"]
[SourceTitle "Verband Muensterland"]
[SourceDate "2025.11.13"]
[SourceVersion "1"]
[SourceVersionDate "2025.11.13"]
[SourceQuality "1"]
[WhiteTeam "Suedlohn II"]
[BlackTeam "Beelen"]
[WhiteTeamCountry "GER"]
[BlackTeamCountry "GER"]

1. c4 e6 2. g3 Nf6 3. Bg2 d5 4. Nf3 Be7 5. O-O O-O 6. cxd5 exd5 7. d4 b6 8. Nc3 Bb7 9. b3 c5 10. e3 Nc6 11. Bb2 Ne4 12. dxc5 Nxc3 13. Bxc3 Bxc5 14. Nd4 Bxd4 15. Bxd4 Qd7 16. Qd2 Rfd8 17. Rfd1 Qf5 1/2-1/2

[Event "Muensterland Verbandsliga 2526"]
[Site "Germany"]
[Date "2026.01.17"]
[Round "5"]
[Board "1"]
[White "Kluczka, Konrad"]
[Black "Eiersbrock, Robin"]
[Result "0-1"]
[WhiteElo "1809"]
[BlackElo "2052"]
[WhiteFideId "-1"]
[BlackFideId "-1"]
[PlyCount "102"]
[GameId "2269795049273361"]
[EventDate "2025.??.??"]
[EventType "team-tourn"]
[EventRounds "9"]
[EventCountry "GER"]
[SourceTitle "Verband Muensterland"]
[SourceDate "2025.11.13"]
[SourceVersion "1"]
[SourceVersionDate "2025.11.13"]
[SourceQuality "1"]
[WhiteTeam "Muenster Indische Dame"]
[BlackTeam "Duelmen"]
[WhiteTeamCountry "GER"]
[BlackTeamCountry "GER"]

1. e4 c5 2. c3 Nf6 3. e5 Nd5 4. d4 cxd4 5. Nf3 e6 6. cxd4 d6 7. Nc3 Nxc3 8. bxc3 Nc6 9. exd6 Bxd6 10. Bd3 e5 11. d5 Ne7 12. O-O O-O 13. Re1 f6 14. Qc2 g6 15. c4 Bf5 16. Nh4 Bxd3 17. Qxd3 Qd7 18. Bh6 Rfe8 19. Qb3 Rac8 20. Rac1 b6 21. Qf3 Nf5 22. Qg4 Rc7 23. Bd2 Nd4 24. Qxd7 Rxd7 25. Be3 Bb4 26. Bxd4 Bxe1 27. Rxe1 Rc8 28. Be3 Rxc4 29. Nf3 Rxd5 30. h3 Rc2 31. a4 Rc4 32. Nd2 Rxa4 33. Rc1 Rd7 34. Bh6 g5 35. Nf3 e4 36. Nh2 Rad4 37. Rc8+ Rd8 38. Rc7 R4d7 39. Rc4 Rd1+ 40. Nf1 Kf7 41. h4 Kg6 42. hxg5 fxg5 43. Rc6+ R8d6 44. Rxd6+ Rxd6 45. Bf8 Rd1 46. g3 a5 47. Kg2 b5 48. Ne3 Rd8 49. Bc5 b4 50. Bb6 Rb8 51. Nc4 b3 0-1